000 00401nam a22001457a 4500
003 MACL
005 20191010162804.0
008 191010b xxu||||| |||| 00| 0 eng d
040 _cMACL
100 _aUniversity of Rajasthan Jaipur
_976918
245 _aArchaelogy , Museology and Conservation: A Review
260 _aJaipur
_bLiterary Circle
_c2018
650 _aArchelogy
_976919
942 _2ddc
_cBK
999 _c61177
_d61177